| 000 | 00436nam a22001577a 4500 | ||
|---|---|---|---|
| 005 | 20250721093946.0 | ||
| 008 | 250721b |||||||| |||| 00| 0 eng d | ||
| 020 | _a81-318-0015-6 | ||
| 100 | _aBROWN CHRISTOPHER L.T. | ||
| 245 | _aCOMPUTER EVIDENCE:COLLECTION & PRESERVATION | ||
| 260 |
_aNEW DELHI _bFIREWALL MEDIA _c2012 |
||
| 300 | _aXXII,394P. | ||
| 500 | _aINCLUDES AN INDEX | ||
| 650 | _aCOMPUTER FORENSICS | ||
| 942 |
_2lcc _cBK |
||
| 999 |
_c215942 _d215942 |
||